Zajíc a králík v současné krajině : Horka nad Moravou, 20. dubna 2012 /

Korporativní autor: Středoevropský institut ekologie zvěře
Další autoři: Zajíc a králík v současné krajině (konference), Mocková, Kristýna, 1987-, Veterinární a farmaceutická univerzita Brno. Institut ekologie zvěře, Českomoravská myslivecká jednota. Ekologická komise, Českomoravská myslivecká jednota. Okresní myslivecký spolek (Olomouc, Česko)
Jazyk: Slovenština
Čeština
Vydáno: Brno : Pro Středoevropský institut ekologie zvěře vydalo vydavatelství F.R.Z. agency, 2012
Vydání: Vyd. 1.
Témata:
Fyzický popis: 87 s. : il. (převážně barev.), mapy ; 21 cm
Language note: Část. slovenský text
Knihy
Uloženo v:
LEADER 02733nam a2200649 a 4500
001 nkc20122361234
003 CZ PrNK
005 20260422130442.0
007 ta
008 120419s2012 xr ab f 100 0 cze
015 |a cnb002361234 
020 |a 978-80-87332-44-3  |q (F.R.Z. agency ;  |q brož.) 
035 |a (OCoLC)798994139 
040 |a OLA001  |b cze  |d BOA001  |d ABA001 
041 0 |a cze  |a slo 
043 |a e-xr--- 
072 7 |a 639.1  |x Myslivost  |2 Konspekt  |9 24 
080 |a 599.325.11  |2 MRF 
080 |a 639.112  |2 MRF 
080 |a 591.5  |2 MRF 
080 |a 502.5  |2 MRF 
080 |a 591.9  |2 MRF 
080 |a (437.3)  |2 MRF 
080 |a (062.534)  |2 MRF 
111 2 |a Zajíc a králík v současné krajině (konference)  |d (2012 :  |c Horka nad Moravou, Česko)  |7 olak2012695202 
245 1 0 |a Zajíc a králík v současné krajině :  |b Horka nad Moravou, 20. dubna 2012 /  |c [sestavila Kristýna Mocková] 
250 |a Vyd. 1. 
260 |a Brno :  |b Pro Středoevropský institut ekologie zvěře vydalo vydavatelství F.R.Z. agency,  |c 2012 
300 |a 87 s. :  |b il. (převážně barev.), mapy ;  |c 21 cm 
500 |a Pod názvem: Středoevropský institut ekologie zvěře, Institut ekologie zvěře VFU Brno, Ekologická komise ČMMJ, Okresní spolek ČMMJ Olomouc 
500 |a 200 výt. 
504 |a Obsahuje bibliografii 
546 |a Část. slovenský text 
650 0 7 |a zajíc obecný  |7 ph116734  |2 czenas 
650 0 7 |a králík divoký  |7 ph705334  |2 czenas 
650 0 7 |a ekologie živočichů  |7 ph114419  |2 czenas 
650 0 7 |a krajinná ekologie  |7 ph115007  |2 czenas 
650 0 7 |a fauna  |7 ph114529  |z Česko  |2 czenas 
650 0 9 |a brown hare  |2 eczenas 
650 0 9 |a European rabbit  |2 eczenas 
650 0 9 |a animal ecology  |2 eczenas 
650 0 9 |a landscape ecology  |2 eczenas 
650 0 9 |a fauna  |z Czechia  |2 eczenas 
655 7 |a sborníky konferencí  |7 fd133333  |2 czenas 
655 9 |a proceedings of conferences  |2 eczenas 
700 1 |a Mocková, Kristýna,  |d 1987-  |7 mzk2011666809  |4 com 
710 2 |a Středoevropský institut ekologie zvěře  |7 mzk2005280388 
710 2 |a Veterinární a farmaceutická univerzita Brno.  |b Institut ekologie zvěře  |7 mzk2005280387 
710 2 |a Českomoravská myslivecká jednota.  |b Ekologická komise  |7 olak2012695214 
710 2 |a Českomoravská myslivecká jednota.  |b Okresní myslivecký spolek (Olomouc, Česko)  |7 olak2012695205 
910 2 |a BOA001  |b 2-1285.251 
928 9 |a F.R.Z. agency 
990 |a BK 
995 |a 01 
991 |b 201204  |c NOV  |e n 
996 6 |b 2610509227  |c 2-1285.251  |l MZK  |r Sklad / do 1 hodiny  |n 0  |p p.v.  |w 001242059  |u 000010  |a 1  |e BOA001  |j MZK50  |s P 
996 7 |b 2610509228  |c 2-1285.251  |l MZK  |r Sklad / do 1 hodiny  |n 2  |p p.v.  |w 001242059  |u 000020  |a 1  |e BOA001  |j MZK50  |s A